Sent free: (Record no. 5910)

MARC details
000 -LEADER
fixed length control field 00645nam a22002177a 4500
003 - CONTROL NUMBER IDENTIFIER
control field GBCCL
005 - DATE AND TIME OF LATEST TRANSACTION
control field 20241126110552.0
008 - FIXED-LENGTH DATA ELEMENTS--GENERAL INFORMATION
fixed length control field 180417b ||||| |||| 00| 0 eng d
020 ## - INTERNATIONAL STANDARD BOOK NUMBER
International Standard Book Number 2825408212
040 ## - CATALOGING SOURCE
Transcribing agency gbc
082 ## - DEWEY DECIMAL CLASSIFICATION NUMBER
Classification number 266
Item number CAS
100 ## - MAIN ENTRY--PERSONAL NAME
Personal name Castro, Emilio
9 (RLIN) 10696
245 ## - TITLE STATEMENT
Title Sent free:
Remainder of title Mission and unity in the perspective of the kingdom /
Statement of responsibility, etc. Emilio Castro
250 ## - EDITION STATEMENT
Edition statement 1st Ind. reprint
260 ## - PUBLICATION, DISTRIBUTION, ETC.
Place of publication, distribution, etc. Madras:
Name of publisher, distributor, etc. Christian Literature Society,
Date of publication, distribution, etc. 1988
300 ## - PHYSICAL DESCRIPTION
Extent 102 p.;
Dimensions 21 cm.
650 ## - SUBJECT ADDED ENTRY--TOPICAL TERM
Topical term or geographic name entry element Missions, Christian Union
9 (RLIN) 10697
650 ## - SUBJECT ADDED ENTRY--TOPICAL TERM
Topical term or geographic name entry element Missions of the Church
9 (RLIN) 10078
650 ## - SUBJECT ADDED ENTRY--TOPICAL TERM
Topical term or geographic name entry element Kingdom of God
9 (RLIN) 2865
942 ## - ADDED ENTRY ELEMENTS (KOHA)
Source of classification or shelving scheme Dewey Decimal Classification
Koha item type Books
Koha issues (borrowed), all copies 1
Holdings
Withdrawn status Lost status Source of classification or shelving scheme Damaged status Not for loan Home library Current Library Shelving location Date acquired Total checkouts Full call number Barcode Date last seen Date last checked out Copy number Price effective from Koha item type
    Dewey Decimal Classification     GRACE BIBLE COLLEGE GRACE BIBLE COLLEGE Ministry & Mission 2018-04-17 1 266 CAS 003948 2025-05-01 2019-10-21 c.1 2018-04-17 Books
© Grace Bible College Library 2025